| 000 | 00632nam a2200217 i 4500 | ||
|---|---|---|---|
| 001 | bg | ||
| 100 | 1 | _aNUNEMACHER, Greg | |
| 245 | 1 | 0 |
_aPrzewodnik po sieciach lokalnych / _cGreg Nunemacher ; przekład z ang. Leksem sp. z o.o. |
| 246 |
_iTyt. oryg.: _aLan primer |
||
| 260 |
_aWarszawa : _bMIKOM, _c1996. |
||
| 300 |
_a356 s. : _brys. ; _c24 cm. |
||
| 500 | _aTyt. oryg.: "Lan primer", 1995. | ||
| 650 | 9 |
_aSieć komputerowa _xbudowa i eksploatacja |
|
| 020 | _a8371580320 | ||
| 040 | _cBPK | ||
| 041 | 1 |
_apl _hen |
|
| 080 | _a681.324 | ||
| 920 | _a83-7158-032-0 | ||
| 942 | _cKS | ||
| 008 | s pl f |000 0 pol | ||
| 999 |
_c24656 _d24656 |
||
| 856 |
_uhttp://koha.tu.koszalin.pl/cgi-bin/koha/opac-detail.pl?biblionumber=24656 _yKatalog online BPK |
||